Seven Continents Map Quiz - Speed Typing Version - Statistics

General Stats
  • This quiz has been taken 13,895 times
  • The average score is 4 of 7
Answer Stats
Continent % Correct
North America
99%
South America
89%
Antarctica
61%
Europe
50%
Africa
37%
Asia
31%
Oceania
21%
No matching quizzes found
Score Distribution
Percent of People with Each Score
Percentile by Number Answered
Your Score History
You have not taken this quiz